000 004990000a22001810004500
003 MACL
005 20160302151645.0
008 160302b xxu||||| |||| 00| 0 eng d
040 _aMACL
_cMACL
041 _aHindi
082 _a891.431
100 _aविमल कुमार
_942094
245 _aसर्जना के स्‍वर
260 _bअनुपम प्रकाशन
_c1986
_aपटना
350 _a20
650 _aPoetry
_942095
942 _cHIN
_k891.431
_2ddc
999 _c28766
_d28766